Guía introductoria: respuestas educativas a la diversidad y a las necesidades educativas especiales
-д хадгалсан:
| Үндсэн зохиолч: | |
|---|---|
| Формат: | Ном |
| Хэл сонгох: | испани |
| Хэвлэсэн: |
Santiago
Ministerio de Educación
2008
|
| Хэвлэл: | 1a. ed |
| Цуврал: | Guía de Apoyo Técnico-Pedagógico: Necesidades Educativas Especiales en el Nivel de Educación Parvularia
|
| Нөхцлүүд: | |
| Шошгууд: |
Шошго нэмэх
Шошго байхгүй, Энэхүү баримтыг шошголох эхний хүн болох!
|
MARC
| LEADER | 00000nam a2200000 a 4500 | ||
|---|---|---|---|
| 001 | UCH5115 | ||
| 003 | CL-VaPUC | ||
| 008 | 090924e20080000CL |||||||||||||||||spa|d | ||
| 020 | |a 9789562922036 | ||
| 082 | 0 | 4 | |a 371.9 |b GOD |2 21 |
| 100 | 0 | |a Godoy Lenz, María Paulina |e author |9 541282 | |
| 245 | 1 | 0 | |a Guía introductoria: respuestas educativas a la diversidad y a las necesidades educativas especiales |
| 250 | |a 1a. ed | ||
| 300 | |a 48 p | ||
| 942 | |c BK | ||
| 945 | |d 20090924 00:00:00 |a rbrito | ||
| 260 | |a Santiago |b Ministerio de Educación |c 2008 | ||
| 650 | 0 | |a Educación preescolar |9 260381 | |
| 650 | 0 | |a Educación especial |9 307486 | |
| 650 | 7 | |a PROFESORES DE EDUCACION ESPECIAL |2 CL-VaPUC |9 340797 | |
| 650 | 0 | |a Integración escolar |9 312238 | |
| 583 | |a last modification |c 20090924 00:00:00 |k Rodrigo Vera | ||
| 490 | 0 | |a Guía de Apoyo Técnico-Pedagógico: Necesidades Educativas Especiales en el Nivel de Educación Parvularia | |
| 999 | |c 336315 |d 336313 | ||
| 952 | |0 0 |1 0 |4 0 |6 371_900000000000000_GOD_2008 |7 0 |8 A |9 427466 |a BIBEDU |b BIBEDU |d 2019-11-22 |i 4603796 |o 371.9 GOD 2008 |p 4603796 |r 2019-11-22 |w 2019-11-22 |y BK |k EDI | ||